| 000 | 00000nam##2200000za#4500 |
| 001 | 9.669545 |
| 003 | CaOODSP |
| 005 | 20200330110654 |
| 007 | ta |
| 008 | 150407|2007||||xxc||||| f|0| 0 eng|d |
| 020 | |a978-0-662-05340-8 |
| 040 | |aCaOODSP|beng |
| 041 | |aeng |
| 041 | |afre |
| 043 | |an-cn--- |
| 086 | 1 |aP109-7/2007 |
| 110 | 1 |aCanada.|bPublic Works and Government Services Canada. |bPublishing and Depository Services Program. |
| 245 | 10|aQuick reference guide for author departments : |bPublishing Programs - Crown Copyright and Licensing |
| 260 | |aOttawa - Ontario : |bPublic Works and Government Services Canada. |cc2007. |
| 300 | |aEnglish text, i, 19p. ; |c28 cm. |
| 563 | |aSpiral binding |
| 690 | 07|aPublishing|2gcpds |
| 776 | 0#|tGuide de référence pour les ministères auteurs : |w(CaOODSP)9.634847 |
| 776 | 0#|tQuick reference guide for author departments : |w(CaOODSP)9.690488 |
| 792 | |tGuide de référence pour les ministères auteurs : |efre|w(CaOODSP)9.669546 |